Statistiques concernant Cyclisme : Cyclistes Néerlandais en WT et ProTeam saison 2023

Cliquez ici pour prendre le quiz!

Statistiques générales

  • Ce quiz a été pris 21 fois
  • Le résultat moyen est 21 sur 58

Statistiques - réponses

HintRéponse% Correct
Alpecin-DeceuninckMathieu VAN DER POEL
89%
EF Education-EasyPostJulius VAN DEN BERG
72%
Groupama - FDJLars VAN DEN BERG
72%
EF Education-EasyPostMarijn VAN DEN BERG
72%
Team Jayco AlUlaDylan GROENEWEGEN
67%
Jumbo-VismaDylan VAN BAARLE
67%
Intermarché - Circus - WantyBoy VAN POPPEL
61%
BORA - hansgroheDanny VAN POPPEL
61%
Soudal - Quick StepFabio JAKOBSEN
61%
Jumbo-VismaSteven KRUIJSWIJK
61%
Astana Qazaqstan TeamCees BOL
56%
Burgos-BHJetse BOL
56%
Jumbo-VismaMick VAN DIJKE
56%
Jumbo-VismaOlav KOOIJ
56%
Jumbo-VismaTim VAN DIJKE
56%
Jumbo-VismaWilco KELDERMAN
56%
Bahrain - VictoriousWout POELS
56%
Jumbo-VismaKoen BOUWMAN
50%
CofidisWesley KREDER
50%
Intermarché - Circus - WantyMike TEUNISSEN
44%
Jumbo-VismaRobert GESINK
44%
INEOS GrenadiersThymen ARENSMAN
44%
Lidl - TrekBauke MOLLEMA
39%
BORA - hansgroheIde SCHELLING
39%
Alpecin-DeceuninckRamon SINKELDAM
39%
UAE Team EmiratesSjoerd BAX
39%
Lidl - TrekAntwan TOLHOEK
33%
Jumbo-VismaJos VAN EMDEN
33%
Alpecin-DeceuninckOscar RIESEBEEK
33%
Jumbo-VismaSam OOMEN
33%
Intermarché - Circus - WantyTaco VAN DER HOORN
33%
Tudor Pro Cycling TeamArvid DE KLEIJN
28%
Human Powered HealthBart LEMMEN
28%
Groupama - FDJBram WELTEN
28%
Team Arkéa SamsicDavid DEKKER
28%
Team Jayco AlUlaElmar REINDERS
28%
Team Jayco AlUlaJan MAAS
28%
Team dsm - firmenichNils EEKHOFF
28%
Jumbo-VismaTimo ROOSEN
28%
Team dsm - firmenichCasper VAN UDEN
22%
Lidl - TrekDaan HOOLE
22%
Equipo Kern PharmaDanny VAN DER TUUK
22%
EF Education-EasyPostJardi Christiaan VAN DER LEE
22%
Jumbo-VismaMilan VADER
22%
Tudor Pro Cycling TeamMaikel ZIJLAARD
17%
Team dsm - firmenichMartijn TUSVELD
17%
Lotto DstnyMathijs PAASSCHENS
17%
Lotto DstnyPascal EENKHOORN
17%
Team Corratec - Selle ItaliaEtienne VAN EMPEL
11%
Jumbo-VismaGijs LEEMREIZE
11%
Tudor Pro Cycling TeamRick PLUIMERS
6%
Human Powered HealthWessel KRUL
6%
Team Novo NordiskGerd DE KEIJZER
0%
Team Novo NordiskJan DUNNEWIND
0%
Jumbo-VismaLennard HOFSTEDE
0%
Team dsm - firmenichTim NABERMAN
0%
Q36.5 Pro Cycling TeamTom DEVRIENDT
0%
Equipo Kern PharmaYanne DORENBOS
0%

Distribution des résultats

Percentile par nombre de réponses

% des personnes avec chaque résultat

Votre développement - résultats

Vous n’avez pas pris ce quiz